Trade, markets and welfare (Record no. 81548)

MARC details
000 -LEADER
fixed length control field 00505nam a2200181Ia 4500
008 - FIXED-LENGTH DATA ELEMENTS--GENERAL INFORMATION
fixed length control field 191130s1996##################000#0#eng##
020 ## - INTERNATIONAL STANDARD BOOK NUMBER
ISBN 9781852789756
082 ## - DEWEY DECIMAL CLASSIFICATION NUMBER
Classification number 338.6048 LAN
100 ## - MAIN ENTRY--AUTHOR NAME
Personal name Lancaster, kelvin
245 ## - TITLE STATEMENT
Title Trade, markets and welfare
Statement of responsibility, etc Kelvin lancaster
260 ## - PUBLICATION, DISTRIBUTION, ETC. (IMPRINT)
Place of publication Cheltenham, UK ; Northampton, MA
Name of publisher Edward Elgar
Year of publication 1996
300 ## - PHYSICAL DESCRIPTION
Number of Pages 279 p.23 cm
650 ## - SUBJECT ADDED ENTRY--TOPICAL TERM
Topical Term Economics
991 ## -
-- 209256
Holdings
Withdrawn status Lost status Damaged status Not for loan Home library Current library Shelving location Date acquired Full call number Accession Number Price effective from Koha item type
        Anna Centenary Library Anna Centenary Library 4TH FLOOR, A WING 09.10.2020 338.6048 LAN 343885 09.10.2020 English Books

Find us on the map